| 000 | 01051cam a2200325 a 4500 | ||
|---|---|---|---|
| 001 | 10139282 | ||
| 003 | ARRUPE | ||
| 005 | 20131127142110.0 | ||
| 008 | 120415s2012 nyu b 001 0 eng c | ||
| 020 | _a9780824599010 | ||
| 020 | _a0824599012 | ||
| 035 | _a(OCoLC)ocn785874270 | ||
| 035 | _a(OCoLC)785874270 | ||
| 035 | _a(NNC)10139282 | ||
| 040 |
_aBTCTA _beng _cBTCTA _dBDX _dYDXCP _dBWX _dZCU |
||
| 042 | _apcc | ||
| 050 | 4 |
_aBV5077 _b.E85.M34 1991 |
|
| 100 | 1 |
_aMcGinn, Bernard, _d1937- _94257 |
|
| 245 | 1 | 4 |
_aThe varieties of vernacular mysticism, 1350-1550 / _cBernard McGinn. |
| 260 |
_aNew York : _bCrossroad Pub. Co., _c2012. |
||
| 300 |
_axiv, 721 p. ; _c24 cm. |
||
| 490 | 1 |
_aThe presence of God ; _vv. 5 |
|
| 500 | _a"A Herder and Herder book." | ||
| 504 | _aIncludes bibliographical references (p. 662-704) and indexes. | ||
| 650 | 0 |
_aMysticism _zEurope _xHistory. _94258 |
|
| 800 | 1 |
_aMcGinn, Bernard, _d1937- _tPresence of God ; _vv. 5. _94259 |
|
| 942 |
_2lcc _cMONOGRAPH |
||
| 948 | 1 |
_a20130130 _bo _cink2 _dMPS |
|
| 999 |
_c118793 _d118793 |
||